000
00290nam a22001337a 4500
008
170824b xxu||||| |||| 00| 0 eng d
020
_a
0387972862
041
_a
eng
080
_a
51
100
_a
38
101
_a
MAT
245
_a
DIFFERENTIAL EQUATIONS
_c
HUBBARD,J.H
942
_2
udc
_c
BK
999
_c
24917
_d
24917